000 01549nam a2200229Ia 4500
003 Ost
005 20260507075651.0
008 260507s9999||||xx |||||||||||||| ||und||
020 _a4042329957
040 _cfsecg
041 _aara
082 _a657.46
100 _aأبو حشيش، خليل عواد
_eمؤلف
245 0 _aدراسات متقدمة في المحاسبة الضريبية :
_bحالات وتطبيقات عملية في قياس الدخل الخاضع للضريبة /
_c خليل عواد أبو حشيش
260 _aعمان:
_bدار الحامد للنشر والتوزيع,
_c2004
300 _a565 صفحة؛
_bإيضاحات ؛
_c25 سم
504 _aالمراجع ص. 563
520 _aمقدمة في تعريف الضريبة- الخصائص المميزة للضريبة على الدخل في الأردن- الدخل الخاضع للضريبة- الإعفاءات من الضريبة- تحديد الربح محاسبيا وضريبيا- تكاليف الدخل الخاضع للضريبة- النفقاتا غير الإنتاجية- نفقات الدخول المعفاة وقواعد ربطها وتحصيلها- ضريبة السحوبات- ضريبة الفروع- ضريبة عوائد الودائع- قياس الضريبة المستحقة على مختلف المكلفين- الطعن في قرار تقدير ضريبة الدخل- التخلص من الضريبة.
653 _aالضرائب- المحاسبة
653 _aضرائب الدخل- المحاسبة
942 _cكتاب
999 _c45604
_d45604